| 000 | 00746nam a2200325Ia 4500 | ||
|---|---|---|---|
| 001 | 1614 | ||
| 008 | 191123s9999 xx 000 0 und d | ||
| 041 | _afre | ||
| 044 | _afr | ||
| 100 | _aCham | ||
| 245 | 0 |
_aAlbum du siége : _brecueil de caricatures. |
|
| 260 |
_aParis : _bCharivari, _c[19--?]. |
||
| 300 | _a40 p. | ||
| 500 | _aObras publicadas en Charivari | ||
| 650 | _aCARICATURAS | ||
| 650 | _aCHAM | ||
| 650 | _aCHARIVARI | ||
| 650 | _aDAUMIER, HONORE | ||
| 650 | _aFRANCIA | ||
| 650 | _aLITOGRAFIAS | ||
| 700 | _aDaumier, Honoré, | ||
| 902 | _aM | ||
| 903 | _am | ||
| 904 | _am | ||
| 907 | _aImpreso | ||
| 911 | _a38 láminas b/n ; 32 cm | ||
| 912 | _a[19--?] | ||
| 942 | _cLIBRO | ||
| 999 |
_c1313 _d1313 |
||